| 000 | 01034nac a22002651u 4500 | ||
|---|---|---|---|
| 003 | EG-ScBUE | ||
| 005 | 20221016103702.0 | ||
| 008 | 221016s2004 vraae f 001 0 eng d | ||
| 020 | _a192074469X | ||
| 020 | _a9781920744694 | ||
| 040 |
_aEG-ScBUE _beng _erda _cEG-ScBUE _dEG-ScBUE |
||
| 082 | 0 | 4 |
_a720.922 _bAME _222 |
| 110 | 2 |
_aAmerican Institute of Architects‏ _bDesign for Aging Center, _eauthor. |
|
| 245 | 1 | 0 |
_aDesign for aging review / _cThe American Institute of Architects Design for Aging Center ; introduction by Michael J. Crosbie. |
| 250 | _aSeven edition. | ||
| 264 | 1 |
_aMulgrave, Victoria : _bImages Publishing Group, _c2004. |
|
| 300 |
_a244 pages : _billustrations (chiefly color), plans ; _c31 cm |
||
| 500 | _aIncludes index. | ||
| 650 | 7 |
_aArchitecture _xAwards _zUnited States. _2BUEsh |
|
| 650 | 7 |
_aOld age homes _zUnited States _xDesign and construction. _2BUEsh |
|
| 653 | _bENGARC | ||
| 655 | _vReading book | ||
| 700 | 1 |
_aCrosbie, Michael J., _eauthor of introduction, etc. |
|
| 942 |
_cBB _k720.922 AME _2ddc |
||
| 999 |
_c5189 _d5189 |
||